Comptroller's manual for corporate activities OCC documents

Gespeichert in:
Bibliographische Detailangaben
Format: Buch
Sprache:Englisch
Veröffentlicht: Washington, D.C. Comptroller of the Currency 1992
Schlagworte:
Tags: Tag hinzufügen
Keine Tags, Fügen Sie das erste Tag hinzu!

MARC

LEADER 00000nam a2200000 4500
001 c124827
005 20221123101543.7
041 0 |a eng 
044 |a US 
245 1 0 |a Comptroller's manual for corporate activities  |b OCC documents 
264 1 |a Washington, D.C.  |b Comptroller of the Currency  |c 1992 
300 |a 355 s. 
610 2 0 |a kontrolóri 
610 2 0 |a kontrola finančná 
610 2 0 |a banky 
610 2 0 |a kontrola banková 
610 2 0 |a mena 
610 2 0 |a spoločnosti finančné 
610 2 0 |a pravidlá menové 
610 2 0 |a banky centrálne 
610 2 0 |a revízia